[Event "43. Olimpiada Batumi 2018 Femenina"]
[Site "Batumi GEO"]
[Date "2018.09.28"]
[Round "5.1"]
[White "Rapport, Jovana"]
[Black "Sebag, Marie"]
[Result "1/2-1/2"]
[WhiteElo "2348"]
[BlackElo "2480"]
[PlyCount "137"]
[EventDate "2018.09.24"]
[EventType "team-swiss"]
[EventRounds "11"]
[EventCountry "GEO"]
[SourceTitle "Ajedrez en Madrid"]
[Source "lmi"]
[SourceDate "2018.09.24"]
[WhiteTeam "Serbia"]
[BlackTeam "France"]
[WhiteTeamCountry "SRB"]
[BlackTeamCountry "FRA"]

1. d4 d5 2. c4 c6 3. Nc3 Nf6 4. cxd5 cxd5 5. Bf4 Nc6 6. e3 Bf5 7. Qb3 Na5 8.
Qa4+ Bd7 9. Bb5 e6 10. Nf3 a6 11. Bxd7+ Nxd7 12. O-O Nc6 13. Qb3 Qb6 14. Qd1
Qxb2 15. Na4 Qa3 16. Rb1 b5 17. Rc1 Na5 18. Nc3 Rc8 19. Qe1 Nb6 20. e4 Bb4 21.
Bd2 Nac4 22. Nxb5 Bxd2 23. Nxa3 Bxe1 24. Nxc4 Bxf2+ 25. Rxf2 Nxc4 26. Ne5 O-O
27. Rfc2 Nb6 28. Nc6 Rc7 29. e5 Nc4 30. Na5 Rfc8 31. Kf2 f6 32. exf6 gxf6 33.
Nxc4 dxc4 34. Rb1 Kf7 35. Rb6 Rc6 36. Rxc6 Rxc6 37. Ke3 Ke7 38. Kd2 Kd6 39. Kc3
Kd5 40. Rf2 e5 41. dxe5 fxe5 42. Rd2+ Ke4 43. Re2+ Kf4 44. g3+ Kf5 45. Rf2+ Kg4
46. Rf7 h6 47. Rf1 a5 48. Rf2 h5 49. Rf1 Rc5 50. Rf2 Rc8 51. Re2 Re8 52. Re3
Kh3 53. Re2 Kg4 54. Re3 e4 55. Kxc4 Kf5 56. Kc3 Rd8 57. Kc2 Ke5 58. Ra3 Rd5 59.
Kc1 Kf5 60. Kc2 Kg4 61. Re3 Kf5 62. Ra3 Ke5 63. Kc1 Kd6 64. Kc2 Rf5 65. Kd2
Rf2+ 66. Ke1 Rxh2 67. Rxa5 Ke6 68. a4 Ra2 69. Rxh5 1/2-1/2

[Event "43. Olimpiada Batumi 2018 Femenina"]
[Site "Batumi GEO"]
[Date "2018.09.28"]
[Round "5.2"]
[White "Skripchenko, Almira"]
[Black "Velikic, Adela"]
[Result "0-1"]
[WhiteElo "2414"]
[BlackElo "2339"]
[PlyCount "90"]
[EventDate "2018.09.24"]
[EventType "team-swiss"]
[EventRounds "11"]
[EventCountry "GEO"]
[SourceTitle "Ajedrez en Madrid"]
[Source "lmi"]
[SourceDate "2018.09.24"]
[WhiteTeam "France"]
[BlackTeam "Serbia"]
[WhiteTeamCountry "FRA"]
[BlackTeamCountry "SRB"]

1. Nf3 d5 2. g3 Nf6 3. Bg2 e6 4. O-O c5 5. d3 Nc6 6. Nbd2 Be7 7. e4 O-O 8. Re1
Qc7 9. c3 b5 10. exd5 Nxd5 11. a4 b4 12. Qc2 bxc3 13. bxc3 Ba6 14. Bf1 Rfd8 15.
a5 Rd7 16. Nc4 Bf6 17. Bd2 Rad8 18. Ra3 h6 19. h4 Nde7 20. Bf4 Qb7 21. Be3 Rd5
22. Nfd2 Nf5 23. Ne4 Be7 24. Raa1 Nxe3 25. Rxe3 R5d7 26. Ned2 Qc7 27. Bg2 Bf6
28. Ne4 Bxc4 29. Nxf6+ gxf6 30. dxc4 Ne5 31. Qe2 Rd2 32. Qh5 Qd6 33. Ree1 Kg7
34. Rab1 Ra2 35. Red1 Rd2 36. Re1 Rd7 37. a6 Qxa6 38. f4 Ng6 39. f5 exf5 40.
Qxf5 Qd6 41. Qg4 Rd3 42. Kh2 h5 43. Qxh5 Qxg3+ 44. Kh1 Qxg2+ 45. Kxg2 Nf4+ 0-1

[Event "43. Olimpiada Batumi 2018 Femenina"]
[Site "Batumi GEO"]
[Date "2018.09.28"]
[Round "5.3"]
[White "Injac, Teodora"]
[Black "Guichard, Pauline"]
[Result "0-1"]
[WhiteElo "2241"]
[BlackElo "2390"]
[PlyCount "78"]
[EventDate "2018.09.24"]
[EventType "team-swiss"]
[EventRounds "11"]
[EventCountry "GEO"]
[SourceTitle "Ajedrez en Madrid"]
[Source "lmi"]
[SourceDate "2018.09.24"]
[WhiteTeam "Serbia"]
[BlackTeam "France"]
[WhiteTeamCountry "SRB"]
[BlackTeamCountry "FRA"]

1. d4 d6 2. Nf3 Nf6 3. c4 g6 4. Nc3 Bf5 5. e3 Bg7 6. Bd3 Bxd3 7. Qxd3 O-O 8.
O-O Nbd7 9. e4 e5 10. d5 Nc5 11. Qc2 a5 12. Be3 Nfd7 13. Ne1 f5 14. f3 Qh4 15.
Nd3 b6 16. Nxc5 bxc5 17. Nb5 Rac8 18. Bd2 a4 19. g3 Qh5 20. Ba5 fxe4 21. fxe4
Rxf1+ 22. Rxf1 Rf8 23. Rxf8+ Bxf8 24. Kg2 Nf6 25. h3 Qh6 26. Qe2 Qc1 27. Bxc7
Ne8 28. Ba5 Bh6 29. Be1 Be3 30. Nc3 Nf6 31. Kf3 Bd4 32. Nxa4 g5 33. Nc3 g4+ 34.
hxg4 Qg5 35. Bd2 Qg6 36. g5 Qh5+ 37. Kg2 Ng4 38. Nb5 Ne3+ 39. Kf2 Qh2+ 0-1

[Event "43. Olimpiada Batumi 2018 Femenina"]
[Site "Batumi GEO"]
[Date "2018.09.28"]
[Round "5.4"]
[White "Haussernot, Cecile"]
[Black "Gajcin, Marina"]
[Result "0-1"]
[WhiteElo "2237"]
[BlackElo "2170"]
[PlyCount "126"]
[EventDate "2018.09.24"]
[EventType "team-swiss"]
[EventRounds "11"]
[EventCountry "GEO"]
[SourceTitle "Ajedrez en Madrid"]
[Source "lmi"]
[SourceDate "2018.09.24"]
[WhiteTeam "France"]
[BlackTeam "Serbia"]
[WhiteTeamCountry "FRA"]
[BlackTeamCountry "SRB"]

1. e4 c5 2. Nc3 Nc6 3. Nf3 g6 4. Bb5 Bg7 5. O-O Nf6 6. e5 Ng4 7. Bxc6 dxc6 8.
Qe2 O-O 9. d3 b6 10. a4 a5 11. Bf4 f6 12. e6 Nh6 13. Rad1 Nf5 14. Qe4 Ba6 15.
Qxc6 Rc8 16. Qd7 g5 17. Bg3 Nxg3 18. fxg3 Qxd7 19. exd7 Rcd8 20. Rfe1 Rxd7 21.
Re6 Rb8 22. g4 Bf8 23. h3 Bc8 24. Rde1 Rc7 25. Nd5 Bxe6 26. Nxc7 Bd7 27. b3 Kf7
28. Rf1 Kg6 29. Nd2 e6 30. Re1 Bd6 31. Nb5 Bg3 32. Re2 h5 33. gxh5+ Kxh5 34.
Ne4 Be5 35. Nf2 Kg6 36. Ng4 Bg3 37. Ne3 Bc6 38. Nc4 Bd5 39. Ne3 Bc6 40. Nc4 Bd5
41. Ne3 Kf7 42. Nc3 Ba8 43. Ng4 Rd8 44. Nh6+ Kg6 45. Ng4 Re8 46. Ne3 Kf7 47.
Nc4 Rb8 48. Nb5 Ke7 49. d4 cxd4 50. Nxd4 Kf7 51. Nxe6 Bd5 52. Re3 Bxc4 53. bxc4
Bd6 54. Nd4 Rc8 55. Rd3 Rxc4 56. Nb5 Bc5+ 57. Kh2 Rxa4 58. g4 Ra2 59. Rd2 a4
60. Nc7 a3 61. Kg3 Ra1 62. Rd7+ Kg6 63. Ne6 a2 0-1

[Event "43. Olimpiada Batumi 2018 Femenina"]
[Site "Batumi GEO"]
[Date "2018.09.28"]
[Round "5.1"]
[White "Terao, Juliana Sayumi"]
[Black "Vega Gutierrez, Sabrina"]
[Result "0-1"]
[WhiteElo "2255"]
[BlackElo "2404"]
[PlyCount "120"]
[EventDate "2018.09.24"]
[EventType "team-swiss"]
[EventRounds "11"]
[EventCountry "GEO"]
[SourceTitle "Ajedrez en Madrid"]
[Source "lmi"]
[SourceDate "2018.09.24"]
[WhiteTeam "Brazil"]
[BlackTeam "Spain"]
[WhiteTeamCountry "BRA"]
[BlackTeamCountry "ESP"]

1. e4 c5 2. c3 Nf6 3. e5 Nd5 4. g3 d6 5. exd6 e6 6. Bg2 Bxd6 7. Nf3 O-O 8. d4
Nc6 9. O-O Be7 10. dxc5 Bxc5 11. Nbd2 Nf6 12. Qe2 Qe7 13. b4 Bd6 14. Nc4 Nd5
15. Bb2 Nb6 16. Nxd6 Qxd6 17. a3 Na4 18. Rad1 Qc7 19. Ba1 a5 20. Qc2 Nb6 21. c4
axb4 22. axb4 f6 23. Qb3 Qe7 24. Bc3 e5 25. Nd2 Bg4 26. Ra1 Rxa1 27. Rxa1 Rd8
28. Qb2 Nd4 29. Bxd4 Rxd4 30. c5 Qd7 31. Nf1 Nd5 32. b5 Be6 33. c6 bxc6 34.
Ra8+ Kf7 35. b6 Rb4 36. Qe2 Nxb6 37. Rb8 Nd5 38. Qh5+ Ke7 39. Rh8 h6 40. Rh7
Kf8 41. Rh8+ Bg8 42. Bh3 Qf7 43. Qf5 g6 44. Qc8+ Kg7 45. Rxg8+ Qxg8 46. Qxc6
Qd8 47. Be6 Ne7 48. Qc5 Rd4 49. Qa7 Rd1 50. Bc4 Rc1 51. Qa6 Qc8 52. Qxc8 Nxc8
53. Ba6 Nd6 54. Kg2 Ra1 55. Be2 Ra2 56. Bf3 e4 57. Bd1 Nf5 58. Kg1 Ra1 59. Bc2
e3 60. fxe3 Rxf1+ 0-1

[Event "43. Olimpiada Batumi 2018 Femenina"]
[Site "Batumi GEO"]
[Date "2018.09.28"]
[Round "5.2"]
[White "Matnadze, Ana"]
[Black "Alboredo, Julia"]
[Result "1-0"]
[WhiteElo "2362"]
[BlackElo "2174"]
[PlyCount "135"]
[EventDate "2018.09.24"]
[EventType "team-swiss"]
[EventRounds "11"]
[EventCountry "GEO"]
[SourceTitle "Ajedrez en Madrid"]
[Source "lmi"]
[SourceDate "2018.09.24"]
[WhiteTeam "Spain"]
[BlackTeam "Brazil"]
[WhiteTeamCountry "ESP"]
[BlackTeamCountry "BRA"]

1. Nf3 g6 2. d4 Bg7 3. g3 Nf6 4. Bg2 O-O 5. O-O d6 6. c4 Nc6 7. Nc3 a6 8. d5
Na5 9. Nd2 c5 10. Rb1 Bf5 11. e4 Bd7 12. b3 e5 13. Qe2 Qc7 14. a3 Bh6 15. b4
cxb4 16. axb4 Bxd2 17. Bxd2 Nxc4 18. Bg5 Nh5 19. Rbc1 b5 20. Nd1 Qb6 21. Ne3
Rac8 22. Ra1 Nxe3 23. Bxe3 Qb7 24. Qa2 Ra8 25. f4 f6 26. fxe5 dxe5 27. Bc5 Rf7
28. Rf3 Bc8 29. Qa5 Qd7 30. Qb6 Qc7 31. Qxc7 Rxc7 32. Bf1 Bb7 33. Bh3 f5 34.
Rff1 Ng7 35. Rad1 Rf7 36. Bg2 Rc8 37. d6 fxe4 38. d7 Rd8 39. Rxf7 Kxf7 40. Bb6
Ke7 41. Bxd8+ Kxd8 42. Rd6 Nf5 43. Rb6 Bd5 44. Rxa6 Kxd7 45. Ra7+ Ke6 46. Rxh7
Ne3 47. Bh3+ Kf6 48. Rd7 Bc4 49. Rd6+ Kf7 50. Rd2 Nd5 51. Bg2 Nf6 52. Kf2 Ng4+
53. Ke1 e3 54. Rd7+ Ke6 55. Rh7 Nf2 56. Bf1 Nd3+ 57. Bxd3 Bxd3 58. Rc7 Kf5 59.
h3 Ke4 60. Rf7 Kd5 61. h4 e2 62. g4 Ke6 63. Rf3 Bc4 64. Rf2 e4 65. h5 gxh5 66.
gxh5 Bd3 67. h6 e3 68. Rxe2 1-0

[Event "43. Olimpiada Batumi 2018 Femenina"]
[Site "Batumi GEO"]
[Date "2018.09.28"]
[Round "5.3"]
[White "Librelato, Kathie Goulart"]
[Black "Calzetta Ruiz, Monica"]
[Result "0-1"]
[WhiteElo "2110"]
[BlackElo "2235"]
[PlyCount "78"]
[EventDate "2018.09.24"]
[EventType "team-swiss"]
[EventRounds "11"]
[EventCountry "GEO"]
[SourceTitle "Ajedrez en Madrid"]
[Source "lmi"]
[SourceDate "2018.09.24"]
[WhiteTeam "Brazil"]
[BlackTeam "Spain"]
[WhiteTeamCountry "BRA"]
[BlackTeamCountry "ESP"]

1. e4 c5 2. Nf3 e6 3. d4 cxd4 4. Nxd4 Nf6 5. Nc3 Nc6 6. Ndb5 Bb4 7. a3 Bxc3+ 8.
Nxc3 d5 9. exd5 exd5 10. Bd3 O-O 11. O-O d4 12. Ne2 Bg4 13. f3 Bh5 14. Nf4 Bg6
15. Re1 Bxd3 16. Qxd3 Qb6 17. b3 Rfe8 18. Bd2 Ne5 19. Qf5 d3+ 20. Kh1 g6 21.
Qg5 dxc2 22. Bc3 Ned7 23. h4 Rxe1+ 24. Rxe1 Rc8 25. Bb2 Qxb3 26. Bc1 Qc3 27.
Qg3 Nf8 28. h5 Rd8 29. Ne2 Nxh5 30. Nxc3 Nxg3+ 31. Kh2 Nf5 32. g4 Nd4 33. Kg3
Nfe6 34. Be3 Nb3 35. Bc1 Rd3 36. Bb2 Rxc3 37. Bxc3 c1=Q 38. Rxc1 Nxc1 39. Bf6
Nd3 0-1

[Event "43. Olimpiada Batumi 2018 Femenina"]
[Site "Batumi GEO"]
[Date "2018.09.28"]
[Round "5.4"]
[White "Hernandez Estevez, Yudania"]
[Black "Rothebarth, Ana Vitoria de Paul"]
[Result "1-0"]
[WhiteElo "2192"]
[BlackElo "2063"]
[PlyCount "97"]
[EventDate "2018.09.24"]
[EventType "team-swiss"]
[EventRounds "11"]
[EventCountry "GEO"]
[SourceTitle "Ajedrez en Madrid"]
[Source "lmi"]
[SourceDate "2018.09.24"]
[WhiteTeam "Spain"]
[BlackTeam "Brazil"]
[WhiteTeamCountry "ESP"]
[BlackTeamCountry "BRA"]

1. e4 e5 2. Nf3 Nc6 3. Bb5 a6 4. Ba4 Nf6 5. O-O Bc5 6. d3 b5 7. Bb3 d6 8. c3 h6
9. a4 Bd7 10. d4 Bb6 11. Re1 O-O 12. h3 Re8 13. d5 Ne7 14. Nbd2 Ng6 15. Nf1 Nh5
16. axb5 axb5 17. Rxa8 Qxa8 18. Nd4 Ngf4 19. Ne2 Qd8 20. Nxf4 Nxf4 21. Bxf4
exf4 22. Bc2 Qf6 23. Qd3 g6 24. Nd2 Ra8 25. Bb3 b4 26. e5 dxe5 27. Ne4 Qg7 28.
d6 c6 29. cxb4 Bd4 30. Nc5 Bf5 31. Qf3 Rd8 32. Qxc6 Qf6 33. Nb7 Qh4 34. Rf1 Bd3
35. Nxd8 Qxd8 36. d7 Bxf1 37. Qxg6+ Kh8 38. Qxh6+ Kg8 39. Qg6+ Kh8 40. Bxf7 Bd3
41. Qxd3 Qxd7 42. Qg6 Bxf2+ 43. Kxf2 Qd4+ 44. Kf3 Qd1+ 45. Ke4 Qc2+ 46. Kd5
Qb3+ 47. Kc5 Qe3+ 48. Kb5 Qe2+ 49. Bc4 1-0

[Event "43. Olimpiada Batumi 2018 Femenina"]
[Site "Batumi GEO"]
[Date "2018.09.28"]
[Round "5.1"]
[White "Nazarova, Anastasia"]
[Black "Khomeriki, Nino"]
[Result "0-1"]
[WhiteElo "2029"]
[BlackElo "2313"]
[PlyCount "144"]
[EventDate "2018.09.24"]
[EventType "team-swiss"]
[EventRounds "11"]
[EventCountry "GEO"]
[SourceTitle "Ajedrez en Madrid"]
[Source "lmi"]
[SourceDate "2018.09.24"]
[WhiteTeam "Finland"]
[BlackTeam "Georgia 3"]
[WhiteTeamCountry "FIN"]

1. e4 e5 2. Nf3 Nc6 3. Bb5 a6 4. Ba4 Nf6 5. d3 b5 6. Bb3 Be7 7. Nc3 d6 8. a3
O-O 9. O-O Bb7 10. Re1 Qd7 11. a4 Na5 12. Ba2 b4 13. Ne2 c5 14. Ng3 Rab8 15.
Bd2 Bc6 16. c3 b3 17. Bb1 Bd8 18. d4 Re8 19. Bd3 c4 20. dxe5 dxe5 21. Bf1 Bc7
22. Qe2 Bxa4 23. Bg5 Re6 24. Red1 Qe8 25. Nf5 Bb5 26. Nd2 Nd7 27. h4 f6 28. Be3
g6 29. Nh6+ Kh8 30. Qg4 Rc8 31. g3 Nf8 32. Qf3 Rb8 33. Bh3 Rc6 34. h5 gxh5 35.
Kg2 Nb7 36. Rh1 Bd8 37. Bf5 Nc5 38. Rxh5 Rb7 39. Rah1 Nd3 40. Ng4 Qxh5 41. Rxh5
Ne1+ 42. Kf1 Nxf3 43. Nxf3 a5 44. Bh6 Be7 45. Ne3 a4 46. Nd5 a3 47. bxa3 Bxa3
48. Ke2 Ba4 49. Rh1 b2 50. Nd2 Bc2 51. Nb1 Bd3+ 52. Kd2 Bc5 53. f3 Kg8 54. g4
Ng6 55. g5 fxg5 56. Bxg5 Bxb1 57. Rxb1 Kf7 58. Kc2 h5 59. Bh3 Be7 60. Bd2 Nf4
61. Bxf4 exf4 62. Nxf4 Bg5 63. Nd5 Bc1 64. Bf1 Kf8 65. Nb4 Rf6 66. Bxc4 Rxf3
67. Nd3 Rc7 68. Bd5 h4 69. c4 Rxd3 70. Kxd3 h3 71. e5 Rd7 72. Ke2 Rxd5 0-1

[Event "43. Olimpiada Batumi 2018 Femenina"]
[Site "Batumi GEO"]
[Date "2018.09.28"]
[Round "5.2"]
[White "Janiashvili, Mariami"]
[Black "Puuska, Heini"]
[Result "1/2-1/2"]
[WhiteElo "2081"]
[BlackElo "1961"]
[PlyCount "126"]
[EventDate "2018.09.24"]
[EventType "team-swiss"]
[EventRounds "11"]
[EventCountry "GEO"]
[SourceTitle "Ajedrez en Madrid"]
[Source "lmi"]
[SourceDate "2018.09.24"]
[WhiteTeam "Georgia 3"]
[BlackTeam "Finland"]
[BlackTeamCountry "FIN"]

1. d4 Nf6 2. Nf3 e6 3. g3 d5 4. c4 Be7 5. Bg2 O-O 6. O-O b6 7. cxd5 exd5 8. Qc2
Bb7 9. Nc3 c6 10. Rd1 Nbd7 11. Bd2 Re8 12. Rac1 Bf8 13. Bg5 h6 14. Bxf6 Nxf6
15. Nh4 g6 16. a3 Qe7 17. Nf3 Bg7 18. e3 Ne4 19. Na2 c5 20. dxc5 bxc5 21. b4
cxb4 22. axb4 Rec8 23. Qb3 Qf6 24. b5 d4 25. exd4 g5 26. Qe3 Nd6 27. Nc3 Nc4
28. Qe2 Re8 29. Qxc4 Bxf3 30. Bxf3 Qxf3 31. Qd5 Qg4 32. f3 Qh5 33. Qf5 Re3 34.
Nd5 Re2 35. Rc8+ Rxc8 36. Qxc8+ Kh7 37. Qf5+ Kh8 38. h3 f6 39. Qc8+ Re8 40. Qd7
Re2 41. Qc8+ Re8 42. Qf5 Qf7 43. Rc1 Rd8 44. Rc8 Qe8 45. Rxd8 Qxd8 46. Kf2 Qa5
47. Qc8+ Kh7 48. Qc2+ Kh8 49. Ne7 Bf8 50. Ng6+ Kg7 51. Nxf8 Kxf8 52. Qc8+ Kf7
53. Qc4+ Kf8 54. Ke2 Qa1 55. Qb4+ Kf7 56. Qb3+ Kg7 57. Kd3 Qf1+ 58. Ke4 Qxh3
59. Qd5 Qxg3 60. Qd7+ Kg6 61. Qe8+ Kg7 62. Qd7+ Kg6 63. Qe8+ Kg7 1/2-1/2

[Event "43. Olimpiada Batumi 2018 Femenina"]
[Site "Batumi GEO"]
[Date "2018.09.28"]
[Round "5.3"]
[White "Dannenberg, Alia"]
[Black "Koridze, Lile"]
[Result "0-1"]
[WhiteElo "1926"]
[BlackElo "1931"]
[PlyCount "112"]
[EventDate "2018.09.24"]
[EventType "team-swiss"]
[EventRounds "11"]
[EventCountry "GEO"]
[SourceTitle "Ajedrez en Madrid"]
[Source "lmi"]
[SourceDate "2018.09.24"]
[WhiteTeam "Finland"]
[BlackTeam "Georgia 3"]
[WhiteTeamCountry "FIN"]

1. e4 c5 2. Nc3 d6 3. g3 Nc6 4. Bg2 g6 5. d3 Bg7 6. Be3 Rb8 7. Qd2 b5 8. Nge2
b4 9. Nd1 Nd4 10. O-O e6 11. Nc1 a5 12. c3 Nc6 13. Ne2 Ba6 14. Re1 Ne5 15. Nc1
Qc7 16. h3 a4 17. f4 Nc6 18. d4 bxc3 19. bxc3 cxd4 20. cxd4 Nge7 21. Nc3 O-O
22. Bf1 Bxf1 23. Rxf1 Rfc8 24. N1e2 a3 25. Rab1 Nb4 26. Rfc1 Qd8 27. Rb3 Nec6
28. Nb1 d5 29. e5 Bf8 30. Nxa3 Ra8 31. Rcb1 Ra5 32. Nc1 Ra4 33. Nb5 Na5 34.
Rxb4 Bxb4 35. Rxb4 Rxc1+ 36. Qxc1 Rxb4 37. Nd6 Qb8 38. Kg2 Nc4 39. a3 Rb2+ 40.
Bf2 Qb3 41. f5 Ne3+ 42. Kf3 Nd1+ 43. Kg4 Nxf2+ 44. Kh4 Qc2 45. Qg5 Qc7 46. Ne8
Ne4 47. Qh6 Qe7+ 48. f6 Qf8 49. Ng7 Rf2 50. Qe3 Ra2 51. Qc1 Rxa3 52. Qc6 h6 53.
Nxe6 fxe6 54. Qxe6+ Qf7 55. Qc8+ Kh7 56. Qd8 g5+ 0-1

[Event "43. Olimpiada Batumi 2018 Femenina"]
[Site "Batumi GEO"]
[Date "2018.09.28"]
[Round "5.4"]
[White "Lomaia, Diana"]
[Black "Norlamo, Sarabella"]
[Result "1/2-1/2"]
[WhiteElo "1876"]
[BlackElo "1874"]
[PlyCount "82"]
[EventDate "2018.09.24"]
[EventType "team-swiss"]
[EventRounds "11"]
[EventCountry "GEO"]
[SourceTitle "Ajedrez en Madrid"]
[Source "lmi"]
[SourceDate "2018.09.24"]
[WhiteTeam "Georgia 3"]
[BlackTeam "Finland"]
[BlackTeamCountry "FIN"]

1. e4 e5 2. Nf3 Nc6 3. Bb5 a6 4. Ba4 d6 5. d4 exd4 6. Nxd4 Bd7 7. Bb3 Nf6 8.
Nc3 Be7 9. O-O Nxd4 10. Qxd4 Bc6 11. Re1 O-O 12. f3 Nd7 13. Be3 Nc5 14. Rad1
Nxb3 15. axb3 Bf6 16. Qd3 Re8 17. Bd4 Be5 18. Bxe5 dxe5 19. Qe3 Qe7 20. Nd5
Bxd5 21. exd5 f6 22. c4 Rad8 23. Rd2 b6 24. Rc1 Qb4 25. Ra1 Ra8 26. Ra4 Qd6 27.
b4 Red8 28. c5 Qd7 29. Ra1 Qb5 30. Qc3 a5 31. bxa5 Qxc5+ 32. Qxc5 bxc5 33. Rdd1
Ra6 34. Ra3 c6 35. d6 Kf7 36. Kf1 Ke6 37. Rc1 Rxd6 38. Rxc5 Rd5 39. Rc4 Rdxa5
40. Rxa5 Rxa5 41. Rxc6+ Kd7 1/2-1/2

[Event "43. Olimpiada Batumi 2018 Femenina"]
[Site "Batumi GEO"]
[Date "2018.09.28"]
[Round "5.1"]
[White "Shvayger, Yuliya"]
[Black "Hoang, Thanh Trang"]
[Result "0-1"]
[WhiteElo "2375"]
[BlackElo "2423"]
[PlyCount "126"]
[EventDate "2018.09.24"]
[EventType "team-swiss"]
[EventRounds "11"]
[EventCountry "GEO"]
[SourceTitle "Ajedrez en Madrid"]
[Source "lmi"]
[SourceDate "2018.09.24"]
[WhiteTeam "Israel"]
[BlackTeam "Hungary"]
[WhiteTeamCountry "ISR"]
[BlackTeamCountry "HUN"]

1. e4 e6 2. d4 d5 3. Nc3 Nf6 4. Bg5 Be7 5. e5 Nfd7 6. h4 h6 7. Bxe7 Qxe7 8. f4
a6 9. Nf3 c5 10. Qd2 Nc6 11. Ne2 b5 12. g4 Nb6 13. Ng3 Bb7 14. b3 Rc8 15. Nh5
Kf8 16. Bd3 Nxd4 17. Nxd4 cxd4 18. a3 Nc4 19. Qb4 Qxb4+ 20. axb4 Ne3 21. Kd2
Nxg4 22. Rhg1 f5 23. exf6 Nxf6 24. Rxg7 Bc6 25. Bg6 Be8 26. Bxe8 Nxh5 27. Bxh5
Kxg7 28. Rxa6 Rhf8 29. Rxe6 Rxf4 30. Rg6+ Kh7 31. Rb6 Rxh4 32. Bg6+ Kg7 33. Bd3
Rh2+ 34. Kc1 Ra8 35. Rg6+ Kf7 36. Rg4 Ke6 37. Rxd4 h5 38. Rf4 h4 39. Bxb5 Rh8
40. Bc6 Rg2 41. c4 Rg1+ 42. Kb2 dxc4 43. bxc4 h3 44. b5 h2 45. Kc3 h1=Q 46.
Bxh1 Rgxh1 47. Kb4 R8h4 48. Rf8 Rb1+ 49. Kc5 Rc1 50. b6 Rhxc4+ 51. Kb5 Rc5+ 52.
Ka6 Ra1+ 53. Kb7 Rb1 54. Rh8 Rcb5 55. Rh6+ Kd7 56. Rg6 R5b2 57. Rh6 Rd2 58.
Rh7+ Kd6 59. Rh6+ Kc5 60. Kc7 Rdb2 61. Rh5+ Kc4 62. Rh6 Kb5 63. Kb7 Ka5 0-1

[Event "43. Olimpiada Batumi 2018 Femenina"]
[Site "Batumi GEO"]
[Date "2018.09.28"]
[Round "5.2"]
[White "Gara, Anita"]
[Black "Efroimski, Marsel"]
[Result "1/2-1/2"]
[WhiteElo "2370"]
[BlackElo "2313"]
[PlyCount "82"]
[EventDate "2018.09.24"]
[EventType "team-swiss"]
[EventRounds "11"]
[EventCountry "GEO"]
[SourceTitle "Ajedrez en Madrid"]
[Source "lmi"]
[SourceDate "2018.09.24"]
[WhiteTeam "Hungary"]
[BlackTeam "Israel"]
[WhiteTeamCountry "HUN"]
[BlackTeamCountry "ISR"]

1. e4 e6 2. d4 d5 3. Nd2 c5 4. exd5 exd5 5. Ngf3 Nc6 6. Bb5 Qe7+ 7. Be2 Qc7 8.
O-O Be6 9. dxc5 Bxc5 10. Nb3 Bb6 11. c3 Nf6 12. Nfd4 O-O 13. a4 a6 14. Bg5 Ne4
15. Be3 Rad8 16. Qc2 Bc8 17. Rad1 Rfe8 18. Nxc6 bxc6 19. Bxb6 Qxb6 20. a5 Qc7
21. Bd3 Re7 22. c4 Rde8 23. cxd5 cxd5 24. Nd4 Qxc2 25. Bxc2 Rb7 26. f3 Nc5 27.
b3 Bd7 28. Kf2 g6 29. Rfe1 Rxe1 30. Rxe1 Ne6 31. Ke3 Rb4 32. Rd1 Kf8 33. Nxe6+
fxe6 34. f4 Rb5 35. Ra1 Ke7 36. Kd2 Rb8 37. g3 Bb5 38. Re1 Kd6 39. Re3 Bd7 40.
Kc3 Kc5 41. Re5 Kd6 1/2-1/2

[Event "43. Olimpiada Batumi 2018 Femenina"]
[Site "Batumi GEO"]
[Date "2018.09.28"]
[Round "5.3"]
[White "Gutmakher, Olga"]
[Black "Lakos, Nikoletta"]
[Result "1-0"]
[WhiteElo "2258"]
[BlackElo "2258"]
[PlyCount "69"]
[EventDate "2018.09.24"]
[EventType "team-swiss"]
[EventRounds "11"]
[EventCountry "GEO"]
[SourceTitle "Ajedrez en Madrid"]
[Source "lmi"]
[SourceDate "2018.09.24"]
[WhiteTeam "Israel"]
[BlackTeam "Hungary"]
[WhiteTeamCountry "ISR"]
[BlackTeamCountry "HUN"]

1. e4 d6 2. d4 Nf6 3. Nc3 e5 4. Nf3 Nbd7 5. Bc4 Be7 6. O-O O-O 7. Re1 a6 8. a4
b6 9. Ba2 Bb7 10. Qe2 c6 11. dxe5 Nxe5 12. Nd4 b5 13. Nf5 b4 14. Nd1 Bc8 15. f4
Ng6 16. Nf2 d5 17. Nxe7+ Nxe7 18. e5 Ne8 19. Be3 Nc7 20. Rad1 Ne6 21. g4 Qa5
22. f5 Nc5 23. f6 Ng6 24. c4 bxc3 25. bxc3 Re8 26. fxg7 Rxe5 27. Bb1 Qxa4 28.
Bxg6 hxg6 29. Qf3 Ne6 30. Qf6 Re4 31. Bd4 Rxe1+ 32. Rxe1 c5 33. Be5 Qd7 34. Qh4
Nxg7 35. Qf6 1-0

[Event "43. Olimpiada Batumi 2018 Femenina"]
[Site "Batumi GEO"]
[Date "2018.09.28"]
[Round "5.4"]
[White "Terbe, Julianna"]
[Black "Lahav, Michal"]
[Result "1-0"]
[WhiteElo "2260"]
[BlackElo "2151"]
[PlyCount "75"]
[EventDate "2018.09.24"]
[EventType "team-swiss"]
[EventRounds "11"]
[EventCountry "GEO"]
[SourceTitle "Ajedrez en Madrid"]
[Source "lmi"]
[SourceDate "2018.09.24"]
[WhiteTeam "Hungary"]
[BlackTeam "Israel"]
[WhiteTeamCountry "HUN"]
[BlackTeamCountry "ISR"]

1. e4 e6 2. d4 d5 3. Nd2 c5 4. exd5 Qxd5 5. Ngf3 cxd4 6. Bc4 Qd8 7. O-O Nc6 8.
Nb3 a6 9. Nbxd4 Nxd4 10. Nxd4 Bd6 11. Bb3 Nf6 12. Re1 O-O 13. h3 Qc7 14. Qe2 e5
15. Nf3 e4 16. Nd4 Bh2+ 17. Kh1 Be5 18. Be3 b5 19. c3 Rd8 20. Rad1 Bb7 21. Nf5
Rd3 22. Bc2 Rxd1 23. Rxd1 Re8 24. a4 bxa4 25. Bxa4 Rd8 26. Bc2 g6 27. Nd4 Qc8
28. Bb3 Nd5 29. Bg5 e3 30. f3 Bf6 31. Bxf6 Nxf6 32. Qxe3 Nh5 33. Qe7 Bd5 34.
Nc6 Ng3+ 35. Kh2 Rd7 36. Bxd5 Qc7 37. Qe8+ Kg7 38. Qe5+ 1-0

[Event "43. Olimpiada Batumi 2018 Femenina"]
[Site "Batumi GEO"]
[Date "2018.09.28"]
[Round "5.1"]
[White "Hallaeva, Bahar"]
[Black "Milligan, Helen"]
[Result "1-0"]
[WhiteElo "2098"]
[BlackElo "1942"]
[PlyCount "129"]
[EventDate "2018.09.24"]
[EventType "team-swiss"]
[EventRounds "11"]
[EventCountry "GEO"]
[SourceTitle "Ajedrez en Madrid"]
[Source "lmi"]
[SourceDate "2018.09.24"]
[WhiteTeam "Turkmenistan"]
[BlackTeam "New Zealand"]
[WhiteTeamCountry "TKM"]
[BlackTeamCountry "NZL"]

1. e4 e5 2. Nf3 Nc6 3. Bc4 Nf6 4. d3 Be7 5. c3 d6 6. Bb3 Na5 7. Bc2 c5 8. O-O
Nc6 9. h3 h6 10. Re1 O-O 11. Nbd2 Re8 12. Nf1 Bf8 13. Ng3 g6 14. Be3 Bg7 15.
Qd2 Kh7 16. d4 cxd4 17. cxd4 Qe7 18. d5 Nb8 19. Rac1 Na6 20. b4 Bd7 21. Bd3
Rec8 22. Rxc8 Bxc8 23. Rc1 Nc7 24. b5 b6 25. Qc3 Nfe8 26. Qb4 Bd7 27. a4 Rb8
28. Ne1 Rb7 29. Nc2 Qh4 30. Qd2 Nf6 31. Ne1 Nfe8 32. Rb1 Qd8 33. Qc1 Qc8 34. f3
Bf8 35. Nf1 f5 36. Nc2 Nf6 37. Nb4 Nh5 38. Rb2 Bg7 39. Rc2 Qd8 40. Nc6 Qf6 41.
Nxa7 Nxd5 42. exd5 Rxa7 43. Rc7 Rxc7 44. Qxc7 e4 45. fxe4 f4 46. Bf2 Bxh3 47.
gxh3 Qg5+ 48. Kh1 f3 49. Ne3 Ng3+ 50. Kh2 Ne2 51. Bxe2 Qf4+ 52. Kg1 fxe2 53.
Ng2 Qxe4 54. Qxb6 Qxd5 55. Qe3 Qd1+ 56. Ne1 d5 57. Qd3 Bf8 58. Qc3 Bg7 59. Qc7
d4 60. Qc4 Bf6 61. b6 d3 62. Qxd3 Qxa4 63. Qxe2 Bd4 64. Qe7+ Kg8 65. Qd8+ 1-0